[Event "European Individual Chess Championship 2017"]
[Site "?"]
[Date "2017.06.09"]
[Round "10.56"]
[White "Azarov, Sergei"]
[Black "Baghdasaryan, Vahe"]
[Result "1-0"]
[BlackElo "2449"]
[WhiteElo "2582"]
[LiveChessVersion "1.4.8"]

1. e4 {[%clk 1:30:57]} c5 {[%clk 1:28:41]} 2. Nf3 {[%clk 1:31:17]} d6
{[%clk 1:29:07]} 3. d4 {[%clk 1:31:34]} cxd4 {[%clk 1:29:32]} 4. Nxd4
{[%clk 1:31:54]} Nf6 {[%clk 1:29:57]} 5. Nc3 {[%clk 1:32:18]} a6 {[%clk 1:30:23]}
6. Bg5 {[%clk 1:32:29]} e6 {[%clk 1:30:43]} 7. f4 {[%clk 1:32:37]} h6
{[%clk 1:31:00]} 8. Bh4 {[%clk 1:32:37]} Qb6 {[%clk 1:31:21]} 9. Qd2
{[%clk 1:23:54]} Qxb2 {[%clk 1:26:38]} 10. Rb1 {[%clk 1:24:00]} Qa3
{[%clk 1:27:00]} 11. e5 {[%clk 1:23:04]} dxe5 {[%clk 1:27:06]} 12. fxe5
{[%clk 1:23:30]} g5 {[%clk 1:27:18]} 13. Bg3 {[%clk 1:23:20]} Nd5
{[%clk 1:10:36]} 14. Nxd5 {[%clk 1:12:25]} exd5 {[%clk 1:10:16]} 15. e6
{[%clk 1:11:51]} fxe6 {[%clk 0:51:12]} 16. Rb3 {[%clk 1:04:37]} Qe7
{[%clk 0:51:02]} 17. Be2 {[%clk 1:01:52]} h5 {[%clk 0:49:45]} 18. Rf1
{[%clk 0:47:04]} Bg7 {[%clk 0:24:22]} 19. Qd3 {[%clk 0:28:28]} Kd8
{[%clk 0:16:48]} 20. Rc3 {[%clk 0:23:01]} Qb4 {[%clk 0:10:32]} 21. Qd2
{[%clk 0:19:07]} Qxd4 {[%clk 0:03:58]} 22. Qxg5+ {[%clk 0:17:28]} Bf6
{[%clk 0:04:26]} 23. Rxf6 {[%clk 0:10:51]} Qxc3+ {[%clk 0:04:53]} 24. Kd1
{[%clk 0:11:11]} Qd4+ {[%clk 0:04:47]} 25. Kc1 {[%clk 0:11:31]} Qa1+
{[%clk 0:04:45]} 26. Kd2 {[%clk 0:11:57]} Qd4+ {[%clk 0:05:13]} 27. Bd3
{[%clk 0:11:45]} Qb4+ {[%clk 0:00:36]} 28. Kc1 {[%clk 0:12:06]} Qe7
{[%clk 0:00:32]} 29. Bd6 {[%clk 0:12:02]} Re8 {[%clk 0:00:35]} 30. Bxe7+
{[%clk 0:11:21]} Rxe7 {[%clk 0:01:04]} 31. Rf8+ {[%clk 0:11:32]} 1-0

[Event "European Individual Chess Championship 2017"]
[Site "?"]
[Date "2017.06.09"]
[Round "10.57"]
[White "Shevchenko, Kirill"]
[Black "Palac, Mladen"]
[Result "1/2-1/2"]
[BlackElo "2573"]
[WhiteElo "2491"]
[LiveChessVersion "1.4.8"]

1. e4 {[%clk 1:30:59]} c5 {[%clk 1:21:26]} 2. Nf3 {[%clk 1:31:24]} d6
{[%clk 1:21:56]} 3. d4 {[%clk 1:31:48]} cxd4 {[%clk 1:22:11]} 4. Nxd4
{[%clk 1:32:15]} Nf6 {[%clk 1:22:31]} 5. Nc3 {[%clk 1:32:42]} Nc6
{[%clk 1:22:59]} 6. f3 {[%clk 1:32:55]} e5 {[%clk 1:23:27]} 7. Nb3
{[%clk 1:33:18]} Be6 {[%clk 1:23:56]} 8. Nd5 {[%clk 1:33:27]} Be7
{[%clk 1:24:25]} 9. Be3 {[%clk 1:32:26]} Bxd5 {[%clk 1:24:06]} 10. exd5
{[%clk 1:32:51]} Nb4 {[%clk 1:24:35]} 11. c4 {[%clk 1:32:40]} a5 {[%clk 1:25:02]}
12. Qd2 {[%clk 1:33:07]} b6 {[%clk 1:25:27]} 13. a3 {[%clk 1:33:35]} Na6
{[%clk 1:25:56]} 14. Bd3 {[%clk 1:33:08]} O-O {[%clk 1:24:10]} 15. O-O
{[%clk 1:31:04]} a4 {[%clk 1:20:52]} 16. Nc1 {[%clk 1:30:18]} Nc5
{[%clk 1:19:28]} 17. Bc2 {[%clk 1:30:30]} Qc8 {[%clk 1:18:38]} 18. Na2
{[%clk 1:06:38]} Nb3 {[%clk 1:18:48]} 19. Bxb3 {[%clk 1:07:01]} axb3
{[%clk 1:19:17]} 20. Nb4 {[%clk 1:07:16]} Qxc4 {[%clk 1:19:46]} 21. Bxb6
{[%clk 0:46:53]} 1/2-1/2

[Event "European Individual Chess Championship 2017"]
[Site "?"]
[Date "2017.06.09"]
[Round "10.58"]
[White "Hakobyan, Aram"]
[Black "Svetushkin, Dmitry"]
[Result "1-0"]
[BlackElo "2573"]
[WhiteElo "2449"]
[LiveChessVersion "1.4.8"]

1. d4 {[%clk 1:29:18]} Nf6 {[%clk 1:30:54]} 2. Nf3 {[%clk 1:29:24]} e6
{[%clk 1:31:17]} 3. c4 {[%clk 1:29:36]} Bb4+ {[%clk 1:31:41]} 4. Bd2
{[%clk 1:29:37]} a5 {[%clk 1:32:05]} 5. g3 {[%clk 1:29:19]} d6 {[%clk 1:32:27]}
6. Bg2 {[%clk 1:28:48]} Nbd7 {[%clk 1:32:49]} 7. O-O {[%clk 1:28:41]} e5
{[%clk 1:32:52]} 8. e3 {[%clk 1:27:57]} c6 {[%clk 1:32:56]} 9. Qb3
{[%clk 1:28:08]} e4 {[%clk 1:21:21]} 10. Ng5 {[%clk 1:24:37]} Qe7
{[%clk 1:13:45]} 11. Bxb4 {[%clk 1:21:34]} axb4 {[%clk 1:13:43]} 12. Qxb4
{[%clk 1:21:41]} h6 {[%clk 1:14:06]} 13. Nh3 {[%clk 1:22:04]} g5 {[%clk 1:14:21]}
14. Nc3 {[%clk 1:18:20]} Nf8 {[%clk 1:14:32]} 15. f4 {[%clk 0:56:13]} exf3
{[%clk 1:10:25]} 16. Rxf3 {[%clk 0:56:24]} N8h7 {[%clk 1:04:49]} 17. Rff1
{[%clk 0:46:57]} Qxe3+ {[%clk 1:00:42]} 18. Nf2 {[%clk 0:43:37]} Qxd4
{[%clk 0:58:55]} 19. Rad1 {[%clk 0:39:13]} Qc5 {[%clk 0:59:05]} 20. Rde1+
{[%clk 0:38:34]} Kf8 {[%clk 0:53:59]} 21. Qxc5 {[%clk 0:38:46]} dxc5
{[%clk 0:54:25]} 22. Nd3 {[%clk 0:38:57]} Ra5 {[%clk 0:53:02]} 23. b3
{[%clk 0:26:50]} Kg7 {[%clk 0:41:32]} 24. Re7 {[%clk 0:25:57]} Re8
{[%clk 0:40:53]} 25. Rfe1 {[%clk 0:25:31]} Kf8 {[%clk 0:33:37]} 26. Rxe8+
{[%clk 0:25:40]} Nxe8 {[%clk 0:34:03]} 27. Re5 {[%clk 0:24:04]} f6
{[%clk 0:21:45]} 28. Rxc5 {[%clk 0:24:32]} Ra7 {[%clk 0:22:03]} 29. a4
{[%clk 0:21:58]} Ke7 {[%clk 0:16:35]} 30. a5 {[%clk 0:15:34]} Nf8
{[%clk 0:16:30]} 31. Nb4 {[%clk 0:15:21]} Nd6 {[%clk 0:08:20]} 32. Rxc6
{[%clk 0:06:33]} Rxa5 {[%clk 0:08:33]} 33. Nbd5+ {[%clk 0:06:14]} Ke6
{[%clk 0:08:42]} 34. Rc7 {[%clk 0:06:37]} Bd7 {[%clk 0:06:09]} 35. b4
{[%clk 0:04:05]} Ra3 {[%clk 0:05:17]} 36. c5 {[%clk 0:04:17]} Nb5
{[%clk 0:05:38]} 37. Nxb5 {[%clk 0:04:16]} Bxb5 {[%clk 0:06:05]} 38. Re7+
{[%clk 0:04:41]} Kf5 {[%clk 0:06:24]} 39. Be4+ {[%clk 0:05:04]} 1-0

[Event "European Individual Chess Championship 2017"]
[Site "?"]
[Date "2017.06.09"]
[Round "10.59"]
[White "Grandelius, Nils"]
[Black "Sviridov, Valery"]
[Result "1-0"]
[BlackElo "2504"]
[WhiteElo "2665"]
[LiveChessVersion "1.4.8"]

1. e4 {[%clk 1:27:47]} g6 {[%clk 1:30:40]} 2. d4 {[%clk 1:28:02]} Bg7
{[%clk 1:30:59]} 3. Nf3 {[%clk 1:26:09]} d6 {[%clk 1:31:02]} 4. Be2
{[%clk 1:26:15]} a6 {[%clk 1:30:22]} 5. c4 {[%clk 1:23:44]} Nf6 {[%clk 1:26:08]}
6. Nc3 {[%clk 1:21:28]} O-O {[%clk 1:21:15]} 7. O-O {[%clk 1:21:28]} c5
{[%clk 1:19:06]} 8. h3 {[%clk 1:09:45]} cxd4 {[%clk 1:10:07]} 9. Nxd4
{[%clk 1:09:27]} Nc6 {[%clk 1:10:16]} 10. Be3 {[%clk 1:09:51]} Bd7
{[%clk 1:09:59]} 11. Nf3 {[%clk 1:07:08]} Rc8 {[%clk 0:56:27]} 12. Rc1
{[%clk 1:06:34]} Qa5 {[%clk 0:52:38]} 13. a3 {[%clk 1:01:09]} Be6
{[%clk 0:46:21]} 14. Nd5 {[%clk 0:43:06]} Nd7 {[%clk 0:44:04]} 15. Bd2
{[%clk 0:42:57]} Qd8 {[%clk 0:44:03]} 16. b4 {[%clk 0:43:07]} a5 {[%clk 0:38:54]}
17. Nf4 {[%clk 0:34:14]} Nd4 {[%clk 0:30:48]} 18. Nxd4 {[%clk 0:33:24]} Bxd4
{[%clk 0:26:49]} 19. Nxe6 {[%clk 0:28:38]} fxe6 {[%clk 0:27:12]} 20. Bh6
{[%clk 0:27:34]} Bg7 {[%clk 0:26:01]} 21. Be3 {[%clk 0:27:46]} axb4
{[%clk 0:24:36]} 22. axb4 {[%clk 0:27:47]} Nf6 {[%clk 0:16:55]} 23. Bf3
{[%clk 0:27:10]} e5 {[%clk 0:15:10]} 24. c5 {[%clk 0:25:51]} Kh8 {[%clk 0:11:08]}
25. Qb3 {[%clk 0:24:49]} Qd7 {[%clk 0:10:59]} 26. Rfd1 {[%clk 0:23:35]} Rfd8
{[%clk 0:10:27]} 27. b5 {[%clk 0:20:45]} Qe8 {[%clk 0:09:57]} 28. b6
{[%clk 0:13:28]} Bf8 {[%clk 0:05:38]} 29. cxd6 {[%clk 0:12:45]} exd6
{[%clk 0:05:39]} 30. Rc7 {[%clk 0:12:04]} Rb8 {[%clk 0:05:11]} 31. Bg5
{[%clk 0:09:09]} Bg7 {[%clk 0:05:23]} 32. Qf7 {[%clk 0:08:28]} Qxf7
{[%clk 0:05:17]} 33. Rxf7 {[%clk 0:08:52]} Kg8 {[%clk 0:05:33]} 34. Rxf6
{[%clk 0:08:28]} h6 {[%clk 0:05:53]} 35. Rxg6 {[%clk 0:06:27]} hxg5
{[%clk 0:06:16]} 36. Rgxd6 {[%clk 0:06:41]} Rxd6 {[%clk 0:05:18]} 37. Rxd6
{[%clk 0:07:05]} Rf8 {[%clk 0:05:28]} 38. Rd5 {[%clk 0:03:37]} Rf6
{[%clk 0:05:28]} 39. Rb5 {[%clk 0:03:58]} Kf8 {[%clk 0:05:14]} 40. Bd1
{[%clk 0:33:42]} Rd6 {[%clk 0:34:25]} 41. Bb3 {[%clk 0:31:50]} Bf6
{[%clk 0:32:18]} 42. g3 {[%clk 0:30:00]} Bd8 {[%clk 0:30:08]} 43. Rxe5
{[%clk 0:29:11]} Rxb6 {[%clk 0:30:24]} 44. Bd5 {[%clk 0:27:44]} Rb2
{[%clk 0:30:09]} 45. Rf5+ {[%clk 0:25:57]} Ke8 {[%clk 0:29:46]} 46. Kg2
{[%clk 0:22:22]} Be7 {[%clk 0:23:19]} 47. Kf3 {[%clk 0:18:24]} Kd7
{[%clk 0:23:01]} 48. Rf7 {[%clk 0:18:08]} Ke8 {[%clk 0:20:19]} 49. Kg4
{[%clk 0:17:05]} b5 {[%clk 0:19:49]} 50. f4 {[%clk 0:16:08]} gxf4
{[%clk 0:19:59]} 51. gxf4 {[%clk 0:16:24]} b4 {[%clk 0:18:33]} 52. Kf5
{[%clk 0:16:30]} Rg2 {[%clk 0:17:57]} 53. Rh7 {[%clk 0:16:10]} 1-0

[Event "European Individual Chess Championship 2017"]
[Site "?"]
[Date "2017.06.09"]
[Round "10.60"]
[White "Sjugirov, Sanan"]
[Black "Jurcik, Marian"]
[Result "1-0"]
[BlackElo "2501"]
[WhiteElo "2654"]
[LiveChessVersion "1.4.8"]

1. d4 {[%clk 1:29:54]} Nf6 {[%clk 1:19:04]} 2. c4 {[%clk 1:30:10]} g6
{[%clk 1:19:20]} 3. Nc3 {[%clk 1:29:33]} Bg7 {[%clk 1:19:34]} 4. e4
{[%clk 1:29:46]} d6 {[%clk 1:19:58]} 5. f3 {[%clk 1:28:41]} O-O {[%clk 1:20:16]}
6. Be3 {[%clk 1:28:28]} c5 {[%clk 1:20:39]} 7. Nge2 {[%clk 1:26:17]} Nc6
{[%clk 1:20:46]} 8. d5 {[%clk 1:26:05]} Na5 {[%clk 1:20:04]} 9. Ng3
{[%clk 1:16:20]} e6 {[%clk 1:19:52]} 10. Be2 {[%clk 1:14:15]} exd5
{[%clk 1:19:48]} 11. cxd5 {[%clk 1:14:31]} a6 {[%clk 1:18:42]} 12. Qd2
{[%clk 1:12:07]} b5 {[%clk 1:18:00]} 13. Bh6 {[%clk 1:11:41]} b4 {[%clk 1:14:12]}
14. Nd1 {[%clk 1:11:27]} Bd7 {[%clk 1:14:01]} 15. Bxg7 {[%clk 1:11:00]} Kxg7
{[%clk 1:14:01]} 16. Ne3 {[%clk 1:09:55]} h5 {[%clk 1:06:31]} 17. O-O
{[%clk 1:09:15]} Qe7 {[%clk 1:01:17]} 18. Bd3 {[%clk 1:05:32]} Rh8
{[%clk 0:47:20]} 19. Rae1 {[%clk 1:02:33]} h4 {[%clk 0:45:30]} 20. Nh1
{[%clk 0:59:46]} Qe5 {[%clk 0:42:56]} 21. f4 {[%clk 0:54:24]} Qd4
{[%clk 0:41:54]} 22. Nf2 {[%clk 0:54:32]} Rae8 {[%clk 0:28:38]} 23. Qc1
{[%clk 0:32:01]} Nh5 {[%clk 0:23:09]} 24. Nc2 {[%clk 0:29:52]} Qf6
{[%clk 0:23:34]} 25. f5 {[%clk 0:29:58]} c4 {[%clk 0:16:26]} 26. Be2
{[%clk 0:29:01]} b3 {[%clk 0:15:28]} 27. axb3 {[%clk 0:24:00]} Nxb3
{[%clk 0:15:48]} 28. Qd1 {[%clk 0:23:38]} Bb5 {[%clk 0:09:55]} 29. Ne3
{[%clk 0:22:04]} Qxb2 {[%clk 0:05:22]} 30. Bxc4 {[%clk 0:22:00]} Nc5
{[%clk 0:05:25]} 31. Bxb5 {[%clk 0:18:23]} axb5 {[%clk 0:05:54]} 32. fxg6
{[%clk 0:18:33]} fxg6 {[%clk 0:06:14]} 33. Qg4 {[%clk 0:18:57]} Qf6
{[%clk 0:00:44]} 34. Nf5+ {[%clk 0:18:15]} Kh7 {[%clk 0:01:08]} 35. Nh3
{[%clk 0:18:15]} Qe5 {[%clk 0:00:34]} 36. Nxh4 {[%clk 0:17:58]} Qd4+
{[%clk 0:00:34]} 37. Kh1 {[%clk 0:18:22]} Rhg8 {[%clk 0:00:33]} 38. Ng5+
{[%clk 0:18:43]} Kh6 {[%clk 0:00:37]} 39. Nf7+ {[%clk 0:16:57]} Kh7
{[%clk 0:01:04]} 40. Qg5 {[%clk 0:45:54]} Qg7 {[%clk 0:30:35]} 41. Nf5
{[%clk 0:45:46]} 1-0

[Event "European Individual Chess Championship 2017"]
[Site "?"]
[Date "2017.06.09"]
[Round "10.61"]
[White "Godena, Michele"]
[Black "Solak, Dragan"]
[Result "1-0"]
[BlackElo "2641"]
[WhiteElo "2506"]
[LiveChessVersion "1.4.8"]

1. e4 {[%clk 1:30:58]} e6 {[%clk 1:24:38]} 2. d4 {[%clk 1:31:16]} d5
{[%clk 1:25:04]} 3. Nd2 {[%clk 1:31:35]} c5 {[%clk 1:25:19]} 4. Ngf3
{[%clk 1:29:06]} cxd4 {[%clk 1:25:35]} 5. Nxd4 {[%clk 1:27:44]} Nc6
{[%clk 1:25:57]} 6. Bb5 {[%clk 1:28:04]} Bd7 {[%clk 1:26:22]} 7. Nxc6
{[%clk 1:28:27]} bxc6 {[%clk 1:26:48]} 8. Bd3 {[%clk 1:28:52]} Bd6
{[%clk 1:26:54]} 9. Qe2 {[%clk 1:24:02]} Ne7 {[%clk 1:27:02]} 10. Nf3
{[%clk 1:21:11]} Ng6 {[%clk 1:18:53]} 11. O-O {[%clk 1:00:57]} O-O
{[%clk 1:09:44]} 12. c4 {[%clk 0:55:28]} dxe4 {[%clk 0:55:19]} 13. Bxe4
{[%clk 0:55:38]} Qc7 {[%clk 0:55:25]} 14. Rd1 {[%clk 0:25:04]} Rad8
{[%clk 0:51:47]} 15. h4 {[%clk 0:08:58]} f5 {[%clk 0:28:46]} 16. Bc2
{[%clk 0:09:23]} h6 {[%clk 0:27:29]} 17. c5 {[%clk 0:06:46]} Bxc5
{[%clk 0:26:41]} 18. Bb3 {[%clk 0:07:13]} Kh8 {[%clk 0:21:21]} 19. h5
{[%clk 0:07:00]} Ne7 {[%clk 0:14:13]} 20. Qe5 {[%clk 0:05:30]} Bb6
{[%clk 0:08:42]} 21. Bxh6 {[%clk 0:04:56]} Qxe5 {[%clk 0:09:02]} 22. Nxe5
{[%clk 0:05:24]} Be8 {[%clk 0:09:19]} 23. Rxd8 {[%clk 0:04:06]} Bxd8
{[%clk 0:09:48]} 24. Bg5 {[%clk 0:04:30]} Bxh5 {[%clk 0:09:59]} 25. Bxe6
{[%clk 0:04:51]} Ng6 {[%clk 0:07:03]} 26. Nf7+ {[%clk 0:03:20]} Rxf7
{[%clk 0:07:31]} 27. Bxd8 {[%clk 0:03:48]} Rf8 {[%clk 0:02:54]} 28. Bg5
{[%clk 0:04:06]} f4 {[%clk 0:01:35]} 29. Rc1 {[%clk 0:00:42]} Rb8
{[%clk 0:02:00]} 30. Rxc6 {[%clk 0:00:37]} Rxb2 {[%clk 0:01:51]} 31. Rc8+
{[%clk 0:00:57]} Kh7 {[%clk 0:02:20]} 32. Bg8+ {[%clk 0:01:16]} Kh8
{[%clk 0:02:49]} 33. Bd5+ {[%clk 0:00:57]} Kh7 {[%clk 0:03:17]} 34. Bg8+
{[%clk 0:01:22]} Kh8 {[%clk 0:03:46]} 35. f3 {[%clk 0:01:20]} Rb1+
{[%clk 0:03:11]} 36. Kh2 {[%clk 0:01:41]} Re1 {[%clk 0:03:03]} 37. Bf7+
{[%clk 0:01:14]} Kh7 {[%clk 0:03:31]} 38. Bg8+ {[%clk 0:01:22]} Kh8
{[%clk 0:04:00]} 39. Bd5+ {[%clk 0:01:12]} Kh7 {[%clk 0:04:28]} 40. Be4
{[%clk 0:31:04]} Re2 {[%clk 0:32:17]} 41. a3 {[%clk 0:16:33]} Ra2
{[%clk 0:25:53]} 42. Rc5 {[%clk 0:14:14]} Re2 {[%clk 0:25:08]} 43. Bxf4
{[%clk 0:11:54]} Kg8 {[%clk 0:22:21]} 44. Bg3 {[%clk 0:11:39]} 1-0

[Event "European Individual Chess Championship 2017"]
[Site "?"]
[Date "2017.06.09"]
[Round "10.62"]
[White "Potapov, Pavel"]
[Black "Kovalev, Vladislav"]
[Result "0-1"]
[BlackElo "2629"]
[WhiteElo "2497"]
[LiveChessVersion "1.4.8"]

1. e4 {[%clk 1:30:57]} c5 {[%clk 1:30:43]} 2. Nf3 {[%clk 1:29:49]} Nc6
{[%clk 1:31:08]} 3. c3 {[%clk 1:29:27]} Nf6 {[%clk 1:30:02]} 4. e5
{[%clk 1:29:51]} Nd5 {[%clk 1:30:29]} 5. Bc4 {[%clk 1:30:06]} Nb6
{[%clk 1:30:53]} 6. Bb3 {[%clk 1:30:32]} d5 {[%clk 1:31:09]} 7. exd6
{[%clk 1:29:58]} c4 {[%clk 1:31:34]} 8. Bc2 {[%clk 1:30:24]} e5 {[%clk 1:31:59]}
9. O-O {[%clk 1:28:58]} Be6 {[%clk 1:32:25]} 10. d4 {[%clk 1:21:43]} cxd3
{[%clk 1:32:26]} 11. Qxd3 {[%clk 1:20:47]} Qxd6 {[%clk 1:32:39]} 12. Qxd6
{[%clk 1:18:18]} Bxd6 {[%clk 1:31:47]} 13. Nbd2 {[%clk 1:18:42]} f6
{[%clk 1:26:49]} 14. b3 {[%clk 1:14:25]} O-O-O {[%clk 1:23:06]} 15. Bb2
{[%clk 1:12:38]} Be7 {[%clk 1:19:03]} 16. Ne4 {[%clk 1:08:45]} Nd5
{[%clk 1:14:24]} 17. Rad1 {[%clk 1:03:40]} Nf4 {[%clk 1:06:58]} 18. Ng3
{[%clk 1:01:49]} g6 {[%clk 1:04:57]} 19. Bc1 {[%clk 0:52:33]} Nd5
{[%clk 0:59:18]} 20. c4 {[%clk 0:51:04]} Nc3 {[%clk 0:50:58]} 21. Rxd8+
{[%clk 0:50:48]} Rxd8 {[%clk 0:51:25]} 22. a3 {[%clk 0:50:43]} Bg4
{[%clk 0:37:32]} 23. Bb2 {[%clk 0:45:35]} Bxf3 {[%clk 0:37:58]} 24. Bxc3
{[%clk 0:45:52]} Bg4 {[%clk 0:38:25]} 25. b4 {[%clk 0:41:54]} Nd4
{[%clk 0:36:13]} 26. Ba4 {[%clk 0:39:03]} h5 {[%clk 0:33:03]} 27. Rc1
{[%clk 0:34:29]} h4 {[%clk 0:25:05]} 28. Bxd4 {[%clk 0:34:47]} Rxd4
{[%clk 0:24:01]} 29. Nf1 {[%clk 0:34:59]} a5 {[%clk 0:18:12]} 30. Ne3
{[%clk 0:33:54]} Be6 {[%clk 0:15:40]} 31. bxa5 {[%clk 0:31:44]} f5
{[%clk 0:12:07]} 32. Be8 {[%clk 0:27:54]} f4 {[%clk 0:11:42]} 33. Nd5
{[%clk 0:27:43]} Bxa3 {[%clk 0:11:45]} 34. Ra1 {[%clk 0:26:56]} Bf5
{[%clk 0:08:33]} 35. Bb5 {[%clk 0:23:25]} Bc5 {[%clk 0:06:24]} 36. a6
{[%clk 0:22:37]} bxa6 {[%clk 0:06:51]} 37. Bxa6+ {[%clk 0:22:48]} Kb8
{[%clk 0:04:34]} 38. Bb5 {[%clk 0:18:39]} Kb7 {[%clk 0:04:14]} 39. Ba6+
{[%clk 0:18:31]} Kb8 {[%clk 0:04:41]} 40. Bb5 {[%clk 0:48:59]} Rd2
{[%clk 0:34:34]} 41. Bc6 {[%clk 0:47:02]} Bxf2+ {[%clk 0:34:09]} 42. Kh1
{[%clk 0:47:29]} Ba7 {[%clk 0:33:53]} 43. h3 {[%clk 0:37:46]} Be4
{[%clk 0:17:41]} 44. Nb4 {[%clk 0:36:24]} Bd4 {[%clk 0:16:54]} 45. Re1
{[%clk 0:36:02]} Bf5 {[%clk 0:16:51]} 46. Bd5 {[%clk 0:32:26]} Kc7
{[%clk 0:15:40]} 47. Ba8 {[%clk 0:25:57]} Kd6 {[%clk 0:15:25]} 48. Rc1
{[%clk 0:26:09]} e4 {[%clk 0:14:25]} 49. Na6 {[%clk 0:25:17]} f3 {[%clk 0:12:49]}
50. gxf3 {[%clk 0:24:46]} e3 {[%clk 0:12:56]} 51. c5+ {[%clk 0:24:22]} Ke7
{[%clk 0:11:32]} 0-1

[Event "European Individual Chess Championship 2017"]
[Site "?"]
[Date "2017.06.09"]
[Round "10.63"]
[White "Theodorou, Nikolas"]
[Black "Kobalia, Mikhail"]
[Result "0-1"]
[BlackElo "2624"]
[WhiteElo "2495"]
[LiveChessVersion "1.4.8"]

1. e4 {[%clk 1:30:58]} c5 {[%clk 1:30:14]} 2. Nf3 {[%clk 1:31:23]} d6
{[%clk 1:30:27]} 3. c3 {[%clk 1:31:06]} Nf6 {[%clk 1:30:52]} 4. Qc2
{[%clk 1:28:29]} Qc7 {[%clk 1:28:59]} 5. Be2 {[%clk 1:28:43]} g6 {[%clk 1:29:01]}
6. O-O {[%clk 1:29:04]} Bg7 {[%clk 1:29:29]} 7. d3 {[%clk 1:18:56]} O-O
{[%clk 1:29:01]} 8. h3 {[%clk 1:18:11]} b6 {[%clk 1:21:17]} 9. Bf4
{[%clk 1:09:16]} Bb7 {[%clk 1:19:32]} 10. Nbd2 {[%clk 1:09:02]} Nbd7
{[%clk 1:19:29]} 11. Bh2 {[%clk 1:07:56]} e5 {[%clk 1:18:20]} 12. Rac1
{[%clk 1:04:24]} d5 {[%clk 1:12:11]} 13. Rfe1 {[%clk 1:00:28]} Rad8
{[%clk 1:07:15]} 14. Bf1 {[%clk 0:55:25]} Rfe8 {[%clk 1:04:19]} 15. Rcd1
{[%clk 0:47:36]} Qc6 {[%clk 0:56:24]} 16. Qb3 {[%clk 0:45:01]} Qc8
{[%clk 0:51:10]} 17. exd5 {[%clk 0:42:52]} Bxd5 {[%clk 0:49:17]} 18. Qa4
{[%clk 0:41:18]} Nh5 {[%clk 0:38:34]} 19. Qxa7 {[%clk 0:40:20]} Qc6
{[%clk 0:38:15]} 20. Nxe5 {[%clk 0:34:51]} Bxe5 {[%clk 0:34:29]} 21. Bxe5
{[%clk 0:33:50]} Nxe5 {[%clk 0:34:11]} 22. c4 {[%clk 0:30:18]} Qb7
{[%clk 0:30:41]} 23. Qa3 {[%clk 0:27:12]} Bc6 {[%clk 0:30:14]} 24. Qc3
{[%clk 0:27:38]} f6 {[%clk 0:29:14]} 25. g3 {[%clk 0:24:58]} Qd7 {[%clk 0:26:55]}
26. Re3 {[%clk 0:23:02]} Ng7 {[%clk 0:26:15]} 0-1

[Event "European Individual Chess Championship 2017"]
[Site "?"]
[Date "2017.06.09"]
[Round "10.64"]
[White "Andriasian, Zaven"]
[Black "Harutjunyan, Gevorg"]
[Result "1-0"]
[BlackElo "2472"]
[WhiteElo "2622"]
[LiveChessVersion "1.4.8"]

1. c4 {[%clk 1:30:53]} e5 {[%clk 1:29:05]} 2. Nc3 {[%clk 1:31:15]} Bb4
{[%clk 1:29:07]} 3. g3 {[%clk 1:30:51]} Nf6 {[%clk 1:27:00]} 4. Bg2
{[%clk 1:28:42]} O-O {[%clk 1:26:20]} 5. d3 {[%clk 1:28:19]} Re8 {[%clk 1:11:09]}
6. Bd2 {[%clk 1:26:08]} c6 {[%clk 1:08:45]} 7. Nf3 {[%clk 1:19:07]} d5
{[%clk 1:07:29]} 8. O-O {[%clk 1:19:14]} dxc4 {[%clk 1:04:48]} 9. dxc4
{[%clk 1:18:35]} Nbd7 {[%clk 0:46:32]} 10. Qc2 {[%clk 1:16:22]} Bf8
{[%clk 0:41:24]} 11. Rfd1 {[%clk 1:14:46]} Qc7 {[%clk 0:39:48]} 12. Rab1
{[%clk 1:09:09]} Nb6 {[%clk 0:31:51]} 13. Bg5 {[%clk 1:06:25]} Nh5
{[%clk 0:30:00]} 14. Nd2 {[%clk 0:56:15]} h6 {[%clk 0:26:28]} 15. Be3
{[%clk 0:55:48]} Nf6 {[%clk 0:25:50]} 16. b4 {[%clk 0:48:56]} Be6
{[%clk 0:23:21]} 17. Nce4 {[%clk 0:44:22]} Nxe4 {[%clk 0:19:59]} 18. Bxe4
{[%clk 0:44:42]} g6 {[%clk 0:15:29]} 19. a4 {[%clk 0:42:27]} f5 {[%clk 0:14:34]}
20. Bg2 {[%clk 0:39:55]} Qf7 {[%clk 0:13:58]} 21. Rdc1 {[%clk 0:39:09]} Nd7
{[%clk 0:08:07]} 22. Nb3 {[%clk 0:34:20]} Bxb4 {[%clk 0:03:58]} 23. Bxh6
{[%clk 0:33:48]} a5 {[%clk 0:03:43]} 24. Bd2 {[%clk 0:32:02]} Qf6
{[%clk 0:01:19]} 25. Bc3 {[%clk 0:29:36]} Reb8 {[%clk 0:00:55]} 26. Rd1
{[%clk 0:25:15]} Qf7 {[%clk 0:00:40]} 27. Nd2 {[%clk 0:21:06]} c5
{[%clk 0:00:35]} 28. Nf3 {[%clk 0:19:00]} e4 {[%clk 0:01:01]} 29. Ng5
{[%clk 0:18:38]} Qe7 {[%clk 0:01:18]} 30. h4 {[%clk 0:19:04]} Nb6
{[%clk 0:01:00]} 31. Bf6 {[%clk 0:15:20]} Qxf6 {[%clk 0:00:42]} 32. Rd6
{[%clk 0:15:47]} Re8 {[%clk 0:00:33]} 33. Rxb6 {[%clk 0:16:12]} Qe5
{[%clk 0:00:35]} 34. Rd1 {[%clk 0:15:39]} Ra6 {[%clk 0:00:39]} 35. Rxb7
{[%clk 0:15:40]} Qc3 {[%clk 0:00:51]} 36. Qxc3 {[%clk 0:10:51]} Bxc3
{[%clk 0:01:17]} 37. Nxe6 {[%clk 0:11:13]} Raxe6 {[%clk 0:01:41]} 38. Rd5
{[%clk 0:11:34]} Re5 {[%clk 0:00:47]} 39. Rdd7 {[%clk 0:11:57]} R5e6
{[%clk 0:01:04]} 40. Bh3 {[%clk 0:42:01]} Rf8 {[%clk 0:30:36]} 41. Rd5
{[%clk 0:41:41]} Re5 {[%clk 0:27:03]} 42. Rd6 {[%clk 0:41:50]} Kh8
{[%clk 0:22:08]} 43. Rxg6 {[%clk 0:42:00]} Rd8 {[%clk 0:22:33]} 44. e3
{[%clk 0:40:19]} Be1 {[%clk 0:22:34]} 45. Rf6 {[%clk 0:39:41]} 1-0